000 00544nam a2200181Ia 4500
008 100917s9999 xx 000 0 und d
082 _b65064
100 _aबुवा वि. आ.
245 _aझीनत मंत्रीमंडळ
260 _bगुलमोहर पब्लिकेशन्स
_c1984
300 _a204
365 _b35
520 _aकथा
630 _aझीनत मंत्रीमंडळ
650 _aकथा
730 _aझीनत मंत्रीमंडळ
942 _cBOOK
999 _c670458
_d670455